<The> application of balanced scorecard in specific Slovak organization

Balanced scorecard (BSC). Metóda BSC. Implementácia BSC - prípadová štúdia. Cieľ a metodológia. Veľké firmy využívajúce BSC. Výsledky.

Gespeichert in:
Bibliographische Detailangaben
1. Verfasser: Karabašová, Ľudmila, 1982-
Format: Buchkapitel
Sprache:Englisch
Schlagworte:
Tags: Tag hinzufügen
Keine Tags, Fügen Sie das erste Tag hinzu!

MARC

LEADER 00000naa$a2200000$$$4500
001 0094823
005 20240517103947.5
041 0 |a eng 
044 |a CZ 
245 1 0 |a <The> application of balanced scorecard in specific Slovak organization  |c Ľudmila Karabašová 
520 |a Balanced scorecard (BSC). Metóda BSC. Implementácia BSC - prípadová štúdia. Cieľ a metodológia. Veľké firmy využívajúce BSC. Výsledky. 
610 2 0 |a metóda BSC 
610 2 0 |a metodológia 
610 2 0 |a podnik 
610 2 0 |a Slovensko 
100 1 |a Karabašová, Ľudmila, 1982-